Statistiken für 3 auf verschiedenen Sprachen

Klicken Sie hier um das Quiz zu spielen!

Allgemein

  • Dieses Quiz wurde 110 mal gespielt
  • Das Durchschnittsergebnis liegt bei 7 aus 13

Antwortstatistiken

SpracheAntwort% Korrekt
EnglischThree
100%
DeutschDrei
98%
ItalienischTre
95%
SpanischTres
88%
PortugiesischTrês
88%
FranzösischTrois
71%
TschechischTři
65%
KroatischTri
65%
JapanischSan (三)
21%
ChinesischSan (三)
21%
PolnischTrzy
15%
Thailändisch
Sam (สาม)
9%
KoreanischSet (삼)
6%

Verteilung der Resultate

Perzentil nach korrekt beantworteten Fragen

Anzahl Personen mit jedem Resultat

Ihre Resultats-Entwicklung

Sie haben dieses Quiz noch nicht gespielt